000 003950000a22001810004500
999 _c48469
_d48469
001 1299
003 CO-MdFUSB
005 20170928142505.0
008 170928b xxu||||| |||| 00| 0 eng d
020 _a0-7899-0665-1
040 _cCO-MdBIC
082 0 4 _a220 Un312b
110 1 _aEditorial Unilit
245 1 0 _aSanta Biblia
260 _aMiami : Unilit
300 _a1078 P.
942 _cLGB